La constitución del sujeto en un caso de histeria /
El texto examina la construcción de la identidad del sujeto en un caso de histeria, explorando las complejas interacciones entre el individuo y su entorno psicosocial. A través del análisis de un caso concreto, se adentra en los procesos psicológicos y emocionales que contribuyen a la formación de l...
Сохранить в:
| Главный автор: | |
|---|---|
| Формат: | Текст |
| Язык: | Spanish |
| Предметы: | |
| Метки: |
Добавить метку
Нет меток, Требуется 1-ая метка записи!
|
MARC
| LEADER | 00000 a a2200000 04500 | ||
|---|---|---|---|
| 001 | 46755 | ||
| 003 | cru IIS | ||
| 005 | 20230830184824.0 | ||
| 008 | 230830b |||||||| |||| 00| 0 spa d | ||
| 040 | |c A | ||
| 100 | |a Cancado, Marcos | ||
| 245 | |a La constitución del sujeto en un caso de histeria / |c Marcos Cancado | ||
| 520 | |a El texto examina la construcción de la identidad del sujeto en un caso de histeria, explorando las complejas interacciones entre el individuo y su entorno psicosocial. A través del análisis de un caso concreto, se adentra en los procesos psicológicos y emocionales que contribuyen a la formación de la identidad en el contexto de la histeria. Se examinan las influencias sociales, familiares y personales que moldean la experiencia del sujeto y su relación con los síntomas histéricos. El enfoque ofrece una visión profunda de cómo se configura el sujeto en el ámbito de la histeria, resaltando la complejidad de los factores psicológicos y contextuales que intervienen en este proceso. RAR | ||
| 650 | 0 | |2 OCDE |9 7298 |a SUJETO | |
| 650 | 0 | |2 UNESCO |9 5457 |a PSICOANALISIS | |
| 773 | |g número8, (2008), páginas 7-15 | ||
| 942 | |2 ddc |c REF | ||
| 999 | |c 21863 |d 21863 | ||
